Catalog

Record Details

Catalog Search



A love like this  Cover Image Book Book

A love like this / Diana Palmer.

Palmer, Diana, (author.). Palmer, Diana. White sand, wild sea. (Added Author). Palmer, Diana. Fit for a king. (Added Author).

Summary:

White sand, wild sea. "Reporter Nikki Blake came to the Bahamas to relax and forget the disaster that had left her life in ruins. But her peaceful getaway is interrupted by an alluring stranger, businessman Callaway Steel. Mysterious Cal beguiles innocent Nikki, but as passion blazes, she's unsure if their island fling can become a forever love"--Back cover.

Record details

  • ISBN: 9781335534651
  • ISBN: 1335534652
  • Physical Description: 362 pages ; 18 cm
  • Publisher: Toronto, Ontario, Canada : HQN, 2021.

Content descriptions

General Note:
"Palmer revisits two classic tales of unexpected love"--Back cover.
Formatted Contents Note:
White sand, wild sea -- Fit for a king.
Subject: Man-woman relationships > Fiction.
Genre: Romance fiction.

Available copies

  • 1 of 1 copy available at scottsboropl.

Holds

  • 0 current holds with 1 total copy.
Show Only Available Copies
Location Call Number / Copy Notes Barcode Shelving Location Status Due Date
scottsboropl F Pal 32269001167777 Adult - Fiction Available -

LDR 01803nam a2200337Ii 4500
001155637
003SBPL
00520210503194039.0
008210325s2021 onc 000 1 eng d
020 . ‡a9781335534651 ‡q(pbk.)
020 . ‡a1335534652 ‡q(pbk.)
035 . ‡a(OCoLC)1243270292
08204. ‡a813/.54 ‡223
1001 . ‡aPalmer, Diana, ‡eauthor.
24512. ‡aA love like this / ‡cDiana Palmer.
264 1. ‡aToronto, Ontario, Canada : ‡bHQN, ‡c2021.
300 . ‡a362 pages ; ‡c18 cm
336 . ‡atext ‡2rdacontent
337 . ‡aunmediated ‡2rdamedia
338 . ‡avolume ‡2rdacarrier
500 . ‡a"Palmer revisits two classic tales of unexpected love"--Back cover.
5050 . ‡aWhite sand, wild sea -- Fit for a king.
520 . ‡aWhite sand, wild sea. "Reporter Nikki Blake came to the Bahamas to relax and forget the disaster that had left her life in ruins. But her peaceful getaway is interrupted by an alluring stranger, businessman Callaway Steel. Mysterious Cal beguiles innocent Nikki, but as passion blazes, she's unsure if their island fling can become a forever love"--Back cover.
650 0. ‡aMan-woman relationships ‡vFiction.
655 7. ‡aRomance fiction. ‡2lcgft
70012. ‡aPalmer, Diana. ‡tWhite sand, wild sea.
70012. ‡aPalmer, Diana. ‡tFit for a king.
901 . ‡a155637 ‡b ‡c155637 ‡tbiblio

Additional Resources